| 000 | 00596nam a22001817a 4500 | ||
|---|---|---|---|
| 003 | OSt | ||
| 005 | 20260421065104.0 | ||
| 008 | 260126b |||||||| |||| 00| 0 eng d | ||
| 020 | _a0-07-283105-7. | ||
| 040 |
_aDWCL-Main lib _cOC |
||
| 082 |
_22nd edition _aCirc. 512 B446i 2006 |
||
| 100 | _aBello, Ignacio | ||
| 245 |
_aIntroductory algebra : _ba real world approach 2nd ed. _cBello, Ignacio |
||
| 260 |
_aBoston : _bMcGraw-Hill Companies, Inc., _cc2006. |
||
| 300 |
_axxxv (various paging) : _bcolored illustration ; _c27 cm. |
||
| 650 | _a1. Algebra. | ||
| 942 |
_2ddc _cBK-CIRC _e2nd ed. _kCirc. _n0 |
||
| 999 |
_c7841 _d7841 |
||